书目信息 |
| 题名: |
中药材高效液相色谱检定
|
|
| 作者: | 陈世忠 , 黄涛宏 主编 | |
| 分册: | ||
| 出版信息: | 北京 化学工业出版社 2018 |
|
| 页数: | 443页 | |
| 开本: | 26cm | |
| 丛书名: | ||
| 单 册: | ||
| 中图分类: | R282.5 | |
| 科图分类: | ||
| 主题词: | 中药材--液相色谱--中药鉴定学 | |
| 电子资源: | ||
| ISBN: | 978-7-122-32387-3 | |
| 000 | 01238nam0 2200253 450 | |
| 001 | 012001003893 | |
| 005 | 20131106111410.0 | |
| 010 | @a978-7-122-32387-3@dCNY180.00 | |
| 100 | @a20181129d2018 em y0chiy50 ea | |
| 101 | 0 | @achi@aeng |
| 102 | @aCN@b110000 | |
| 105 | @ay z 001yy | |
| 106 | @ar | |
| 200 | 1 | @a中药材高效液相色谱检定@9zhong yao cai gao xiao ye xiang se pu jian ding@e《中华人民共和国药典》(2015年版)收载品种对应方法集@f陈世忠,黄涛宏主编 |
| 210 | @a北京@c化学工业出版社@d2018 | |
| 215 | @a443页@d26cm | |
| 330 | @a本书针对《中华人民共和国药典》(2015年版)中用高效液相色谱进行鉴别、检查和含量鉴定的中药材品种,对药典收载的高效液相色谱方法进行了充实、优化,详细介绍了药材高效液相色谱行为、色谱条件的选用、仪器配置、对照品和供试品的色谱图、定量标准曲线及重复性数据。本书方法实用、数据可靠,读者可根据书中的方法重复实验。 | |
| 517 | 1 | @a《中华人民共和国药典》(2015年版)收载品种对应方法集@9《zhong hua ren min gong he guo yao dian》(2015 nian ban)shou zai pin zhong dui ying fang fa ji |
| 606 | 0 | @a中药材@x液相色谱@x中药鉴定学 |
| 690 | @aR282.5@v5 | |
| 701 | 0 | @a陈世忠@9chen shi zhong@4主编 |
| 701 | 0 | @a黄涛宏@9huang tao hong@4主编 |
| 801 | 0 | @aCN@b上海新华@c20191020 |
| 905 | @b1207035-7@dR282.5@e535@f3 | |
| 中药材高效液相色谱检定:《中华人民共和国药典》(2015年版)收载品种对应方法集/陈世忠,黄涛宏主编.-北京:化学工业出版社,2018 |
| 443页;26cm |
| ISBN 978-7-122-32387-3:CNY180.00 |
| 本书针对《中华人民共和国药典》(2015年版)中用高效液相色谱进行鉴别、检查和含量鉴定的中药材品种,对药典收载的高效液相色谱方法进行了充实、优化,详细介绍了药材高效液相色谱行为、色谱条件的选用、仪器配置、对照品和供试品的色谱图、定量标准曲线及重复性数据。本书方法实用、数据可靠,读者可根据书中的方法重复实验。 |
| ● |
| 相关链接 |
|
|
|
|
正题名:中药材高效液相色谱检定
索取号:R282.5/535
 
预约/预借
| 序号 | 登录号 | 条形码 | 馆藏地/架位号 | 状态 | 备注 |
| 1 | 1207035 | 212070355 | 第二样本阅览室/ [索取号:R282.5/535] | 在馆 | |
| 2 | 1207036 | 212070364 | 第三借阅区/ [索取号:R282.5/535] | 在馆 | |
| 3 | 1207037 | 212070373 | 第三借阅区/ [索取号:R282.5/535] | 在馆 |